| 000 | 00828cam a2200277 4500 | ||
|---|---|---|---|
| 001 | M1712 | ||
| 008 | 090401t1995 xxu||||| |||| 00| 0 eng d | ||
| 035 | _a(Sirsi) u33905 | ||
| 041 | _aeng | ||
| 050 | _a333.0072 | ||
| 090 | _aRICS 1995/17A | ||
| 110 |
_aRoyal Institution of Chartered Surveyors _94900 |
||
| 245 | 2 | _aA route to membership for academics: guidance for those in full- time academic employment seeking corporate membership. | |
| 260 |
_aLondon _bRICS _c1995 |
||
| 300 | _a3p. ; 30cm. | ||
| 350 | _a0 | ||
| 490 | _aRICS Research Guidance | ||
| 650 |
_aAPC _96216 |
||
| 650 |
_aAPC _96216 |
||
| 650 | _aGUIDANCE NOTES | ||
| 650 | _aPROFESSIONAL DEVELOPMENT | ||
| 650 | _aRICS RESEARCH GUIDANCE | ||
| 690 | _aMANAGEMENT-BUSINESS MANAGEMENT-PROFESSIONAL PRACTICE | ||
| 942 | _n0 | ||
| 948 | _c04/03/1997 | ||
| 999 |
_c89873 _d89873 |
||